[Event "CZE-ch U16 2020"]
[Site "Kouty nad Desnou"]
[Date "2020.03.09"]
[Round "3.9"]
[White "Jares, Michal"]
[Black "Barak, David"]
[Result "0-1"]
[WhiteElo "1907"]
[BlackElo "2114"]
[Annotator "TA"]
[PlyCount "97"]
[EventDate "2020.03.07"]
[EventCountry "CZE"]
[SourceTitle "playchess.com"]
[Source "ChessBase"]
[SourceQuality "1"]

{[%evp 15,97,0,0,-30,-13,-85,-81,-88,-86,-103,-44,-72,-79,-79,-78,-90,-75,-71,-74,-82,-82,-79,-84,-70,-11,-22,-2,-17,-13,-11,-3,-8,-8,-8,-8,-8,-8,-6,0,-81,0,-137,-73,-87,-89,-84,-81,-211,-155,-215,-71,-46,-57,-54,-8,-234,-232,-216,-226,-520,-516,-494,-487,-812,-797,-738,-747,-1189,-1204,-2674,-2289,-2056,-2056,-1374,-1354,-1257,-1258,-1115,-1056,-2343,-2147,-29982,-29983,-29986]} 1. d4 d5 2. Nf3 Nf6 3. g3 c6 4. Bg2 Bf5 5. O-O e6 6. c4 Nbd7 7. Qb3 Qb6 8. Nc3 h6 {[#]} 9. h4 $146 {D11: Slav Defence: 3 Nf3 sidelines and 3...Nf6 4 e3 Bg4.} ({Predecessor:} 9. Re1 Be7 10. Bf4 O-O 11. c5 Qxb3 12. axb3 g5 13. Bc1 Ne4 14. b4 Bf6 15. e3 a6 16. Nd2 Nxd2 17. Bxd2 {0-1 (69) Sargissian,G (2689)-Nepomniachtchi,I (2763) St Petersburg 2018}) 9... Be7 10. Bf4 (10. c5 $11 Qa6 11. Qa4) 10... dxc4 $17 11. Qxc4 {Black is better.} Qxb2 12. Ne5 {Hoping for Rfb1!} Qb4 ({Black should try} 12... Nd5 $17 13. Nxd5 exd5) 13. Qxb4 Bxb4 14. Nxd7 Kxd7 15. Rac1 Rac8 16. Be5 Rhd8 17. e4 Bg6 18. f3 Ke7 19. Ne2 Ne8 ({Better is} 19... c5 $15) 20. Rb1 $1 $11 {[%cal Rb1b4]} a5 21. a3 $1 {[%cal Ra3b4]} Bxa3 {And now ...b5 would win.} 22. Rxb7+ Rd7 23. Rxd7+ Kxd7 24. Ra1 Bb4 25. Nf4 Ra8 26. Nd3 Bd6 27. Nc5+ (27. Kf2 $11) 27... Ke7 (27... Bxc5 $1 $17 28. dxc5 f6) 28. Rb1 (28. Bxd6+ $11 {keeps the balance.} Nxd6 29. Kf2) 28... Ra7 (28... a4 $142 {White must now prevent ...a3.} 29. Bf1 a3) 29. Na4 f6 30. Bxd6+ Nxd6 31. Rb6 (31. Kf2 $17) 31... Be8 32. Bf1 (32. Kf2 $17) 32... e5 (32... Nb5 $19 {and Black stays clearly on top.} 33. Kf2 Nxd4) 33. dxe5 $17 fxe5 34. Kf2 Nb5 35. Bxb5 $2 (35. Ke3 $11) 35... cxb5 $11 {[%mdl 4096] Endgame KRB-KRN} 36. Nc3 a4 {[%cal Ba5a4,Ba4a3,Ba3a2][%mdl 32]} 37. Nd5+ $2 (37. Nxb5 Bxb5 38. Rxb5) 37... Kf8 $19 38. Nb4 a3 39. Nc2 (39. Na2 $142) 39... a2 40. Na1 Rc7 41. Ra6 Bf7 42. f4 Rc1 43. Ra8+ Ke7 44. Ra7+ Ke8 45. Ra8+ {[#]} Kd7 $1 46. Ra7+ Kc6 47. Ra6+ {[#]} Kb7 $1 48. Rd6 Rxa1 49. fxe5 {Accuracy: White = 45%, Black = 70%.} 0-1

[Event "CZE-ch U16 2020"]
[Site "Kouty nad Desnou"]
[Date "2020.03.09"]
[Round "3.10"]
[White "Blaha, Marek"]
[Black "Krizek, Krystof"]
[Result "1/2-1/2"]
[WhiteElo "1836"]
[BlackElo "1947"]
[Annotator "ChessBase"]
[PlyCount "92"]
[EventDate "2020.03.07"]
[EventCountry "CZE"]
[SourceTitle "playchess.com"]
[Source "ChessBase"]
[SourceQuality "1"]
[TimeControl "5400+30"]

1. e4 {[%emt 0:00:00]} e5 {[%emt 0:00:00]} 2. Nf3 {[%emt 0:00:00]} Nc6 {[%emt 0:00:00]} 3. Bb5 {[%emt 0:00:00]} a6 {[%emt 0:02:14]} 4. Ba4 {[%emt 0:00:00]} Nf6 {[%emt 0:00:12]} 5. O-O {[%emt 0:00:00]} Be7 {[%emt 0:01:56]} 6. Re1 {[%emt 0:00:00]} b5 {[%emt 0:00:13]} 7. Bb3 {[%emt 0:00:08]} O-O {[%emt 0:00:28]} 8. c3 {[%emt 0:00:07]} d6 {[%emt 0:00:35]} 9. d4 {[%emt 0:00:04]} Bg4 {[%emt 0:01:04]} 10. a4 {[%emt 0:00:14]} Re8 {[%emt 0:11:59]} 11. d5 {[%emt 0:00:33]} Na5 {[%emt 0:02:08]} 12. Bc2 {[%emt 0:00:07]} c5 {[%emt 0:01:04]} 13. dxc6 {[%emt 0:08:04]} Qc7 {[%emt 0:15:27]} 14. Qe2 {[%emt 0:34:58]} Qxc6 {[%emt 0:03:12]} 15. axb5 {[%emt 0:02:22]} axb5 {[%emt 0:00:10]} 16. Bd3 {[%emt 0:03:45]} Bd7 {[%emt 0:05:02]} 17. Bg5 {[%emt 0:17:50]} h6 {[%emt 0:01:48]} 18. Bxf6 {[%emt 0:01:40]} Bxf6 {[%emt 0:00:10]} 19. Na3 {[%emt 0:00:27]} Nc4 {[%emt 0:23:51]} 20. Nxc4 {[%emt 0:01:17]} bxc4 {[%emt 0:00:02]} 21. Bxc4 {[%emt 0:00:00]} Qb6 {[%emt 0:00:23]} 22. b4 {[%emt 0:03:43]} Rec8 {[%emt 0:03:24]} 23. Rxa8 {[%emt 0:03:47]} Rxa8 {[%emt 0:00:01]} 24. Rb1 {[%emt 0:00:52]} Rc8 {[%emt 0:01:57]} 25. Rc1 {[%emt 0:05:25]} Be6 {[%emt 0:01:53]} 26. Bb5 {[%emt 0:08:14]} d5 {[%emt 0:01:28]} 27. exd5 {[%emt 0:00:43]} Bxd5 {[%emt 0:00:09]} 28. c4 {[%emt 0:00:50]} e4 {[%emt 0:02:06]} 29. Nd2 {[%emt 0:01:38]} Qxb5 {[%emt 0:00:35]} 30. Qf1 {[%emt 0:06:14]} Qc6 {[%emt 0:00:24]} 31. b5 {[%emt 0:00:37]} Qc5 {[%emt 0:12:34]} 32. Nb3 {[%emt 0:00:28]} Bxc4 {[%emt 0:02:14]} 33. Nxc5 {[%emt 0:00:04]} Bxf1 {[%emt 0:00:04]} 34. Kxf1 {[%emt 0:00:03]} Bg5 {[%emt 0:00:49]} 35. Rc3 {[%emt 0:02:44]} Bd2 {[%emt 0:00:20]} 36. Rc2 {[%emt 0:00:03]} Bb4 {[%emt 0:00:28]} 37. b6 {[%emt 0:00:00]} Bxc5 {[%emt 0:01:51]} 38. b7 {[%emt 0:00:09]} Rb8 {[%emt 0:00:04]} 39. Rxc5 {[%emt 0:00:03]} Rxb7 {[%emt 0:00:07]} 40. Ke2 {[%emt 0:00:12]} Re7 {[%emt 0:00:37]} 41. Ke3 {[%emt 0:00:04]} g6 {[%emt 0:00:05]} 42. g4 {[%emt 0:00:08]} Kg7 {[%emt 0:00:17]} 43. h4 {[%emt 0:00:24]} h5 {[%emt 0:01:37]} 44. gxh5 {[%emt 0:00:39]} f5 {[%emt 0:00:11]} 45. hxg6 {[%emt 0:00:12]} Kxg6 {[%emt 0:00:09]} 46. f3 {[%emt 0:00:15]} exf3+ {Ke4} 1/2-1/2

[Event "CZE-ch U16 2020"]
[Site "Kouty nad Desnou"]
[Date "2020.03.09"]
[Round "3.11"]
[White "Nezval, Filip"]
[Black "Kolar, Jan"]
[Result "1-0"]
[WhiteElo "1940"]
[BlackElo "1760"]
[Annotator "ChessBase"]
[PlyCount "81"]
[EventDate "2020.03.07"]
[EventCountry "CZE"]
[SourceTitle "playchess.com"]
[Source "ChessBase"]
[SourceQuality "1"]
[TimeControl "5400+30"]

1. d4 {[%emt 0:00:00]} Nf6 {[%emt 0:00:00]} 2. Nf3 {[%emt 0:00:00]} g6 {[%emt 0:00:01]} 3. c4 {[%emt 0:00:00]} Bg7 {[%emt 0:00:16]} 4. Nc3 {[%emt 0:00:00]} O-O {[%emt 0:00:41]} 5. e4 {[%emt 0:00:00]} d6 {[%emt 0:00:20]} 6. Be2 {[%emt 0:00:07]} Nc6 {[%emt 0:01:37]} 7. Bg5 {[%emt 0:04:21]} h6 {[%emt 0:06:57]} 8. Bh4 {[%emt 0:00:20]} e5 {[%emt 0:09:31]} 9. d5 {[%emt 0:00:16]} Ne7 {[%emt 0:07:10]} 10. O-O {[%emt 0:00:18]} g5 {[%emt 0:04:15]} 11. Bg3 {[%emt 0:00:15]} Ng6 {[%emt 0:01:29]} 12. Rc1 {[%emt 0:19:38]} Nh5 {[%emt 0:09:30]} 13. Nd2 {[%emt 0:04:36]} Nhf4 {[%emt 0:02:55]} 14. Bf3 {[%emt 0:01:30]} Nd3 {[%emt 0:06:24]} 15. Rc2 {[%emt 0:02:01]} f5 {[%emt 0:05:01]} 16. exf5 {[%emt 0:01:45]} Bxf5 {[%emt 0:00:47]} 17. Be4 {[%emt 0:00:39]} Qd7 {[%emt 0:04:34]} 18. Bxf5 {[%emt 0:06:06]} Qxf5 {[%emt 0:02:52]} 19. Nde4 {[%emt 0:01:03]} Nb4 {[%emt 0:03:56]} 20. Re2 {[%emt 0:01:51]} Nf4 {[%emt 0:02:14]} 21. Re3 {[%emt 0:00:47]} Qd7 {[%emt 0:07:59]} 22. a3 {[%emt 0:03:04]} Na6 {[%emt 0:01:09]} 23. b4 {[%emt 0:00:16]} b6 {[%emt 0:01:21]} 24. Qc2 {[%emt 0:08:07]} Nh5 {[%emt 0:06:15]} 25. Rb1 {[%emt 0:01:55]} Nxg3 {[%emt 0:00:33]} 26. hxg3 {[%emt 0:00:12]} Rf7 {[%emt 0:03:05]} 27. Qe2 {[%emt 0:00:38]} Rd8 {[%emt 0:02:18]} 28. c5 {[%emt 0:00:42]} Nb8 {[%emt 0:02:09]} 29. c6 {[%emt 0:00:07]} Qc8 {[%emt 0:01:39]} 30. g4 {[%emt 0:09:39]} Rdf8 {[%emt 0:02:30]} 31. Rh3 {[%emt 0:04:13]} Rf4 {[%emt 0:02:32]} 32. f3 {[%emt 0:00:13]} a6 33. Qd3 {[%emt 0:01:05]} Qd8 {[%emt 0:03:21]} 34. Ne2 {[%emt 0:01:16]} R4f7 {[%emt 0:00:36]} 35. Qc2 {[%emt 0:01:32]} Qe7 {[%emt 0:00:59]} 36. N2g3 {[%emt 0:00:19]} Qd8 {[%emt 0:00:30]} 37. Nf5 {[%emt 0:01:57]} Kh8 {[%emt 0:00:32]} 38. Nxh6 {[%emt 0:01:01]} Bxh6 {[%emt 0:00:05]} 39. Rxh6+ {[%emt 0:00:07]} Kg7 {[%emt 0:00:03]} 40. Rh5 {[%emt 0:00:09]} Rh8 {[%emt 0:01:22]} 41. Nxg5 {[%emt 0:01:42]} 1-0

[Event "CZE-ch U16 2020"]
[Site "Kouty nad Desnou"]
[Date "2020.03.09"]
[Round "3.12"]
[White "Jirousek, Jan"]
[Black "Habenicht, Martin"]
[Result "0-1"]
[WhiteElo "1887"]
[BlackElo "1970"]
[Annotator "TA"]
[PlyCount "156"]
[EventDate "2020.03.07"]
[EventCountry "CZE"]
[SourceTitle "playchess.com"]
[Source "ChessBase"]
[SourceQuality "1"]

{[%evp 14,156,82,58,64,76,68,77,82,83,90,73,117,109,119,66,62,42,99,79,128,54,64,77,72,77,81,70,58,64,138,76,66,41,118,127,137,148,133,168,162,176,153,20,91,-68,-77,-74,-68,-109,-106,-107,-92,-162,-174,-174,-163,-281,-274,-280,-269,-301,-163,-273,-260,-294,-237,-237,-247,-251,-253,-231,-229,-433,-525,-666,-485,-616,-565,-606,-672,-821,-812,-1292,-728,-1504,-1408,-1301,-1079,-1129,-1182,-2695,-2267,-1335,-1204,-29957,-12008,-29961,-29962,-29964,-29967,-29965,-29968,-29968,-29969,-29968,-29969,-29968,-29968,-29964,-29964,-29971,-29972,-29975,-29978,-29978,-29979,-29979,-29980,-29980,-29981,-29981,-29982,-29983,-29983,-29983,-29983,-29986,-29982,-29977,0,-29986,-29987,-29987,-29986,-29987,-29988,-29988,-29988,-29989,-29988,-29988,-29988,-29990,-29991]} 1. d4 c5 2. d5 d6 3. e4 g6 4. Nf3 Bg7 5. Nc3 Nf6 6. Be2 O-O 7. O-O Nbd7 8. h3 Rb8 {A43: Schmid Benoni.} 9. a4 a6 10. a5 b5 {White is better.} 11. axb6 $1 Qxb6 12. Nd2 {[#]} Bb7 $146 ({Predecessor:} 12... Ra8 13. Nc4 Qc7 14. Bd2 Nb6 15. Ne3 Bd7 16. Ra3 c4 17. Bf3 Bb5 18. Qe2 Nfd7 {1-0 (49) Sprotte,N (2156)-Gehrmann,R (2131) Bergen 2014}) 13. Nc4 Qc7 14. f4 (14. Re1 $16) 14... Nb6 $14 15. Na5 c4 (15... Ba8 $1 $14) 16. Be3 Rfc8 17. Kh1 (17. Bf3 $16) 17... Nxe4 18. Nxe4 Nxd5 19. Ba7 Ne3 20. Bxe3 Bxe4 21. Nxc4 {Threatens to win with c3.} d5 (21... Rb4 $14) 22. Nd2 (22. Ne5 $142 $1) 22... Bxc2 $16 23. Qe1 d4 ({Black should try} 23... Bxb2 $14 24. Ra2 (24. Rxa6 d4 $14) (24. Bxa6 Bxa1 25. Bxc8 d4 $11) 24... a5) 24. Bg1 d3 25. Bg4 f5 26. Bf3 a5 27. Bd5+ Kh8 28. Nc4 (28. b3 $16) 28... Rb5 (28... a4 $1 $11) 29. Qe6 $2 ({Much weaker is} 29. Rxa5 $6 Rxd5 30. Rxd5 Qxc4 $11) ({Better is} 29. Be6 $16 Rd8 30. Qd2) 29... Rxd5 $1 $15 {[%mdl 64] [#] Remove Defender} 30. Qxd5 Qxc4 31. Qxc4 Rxc4 32. Rxa5 {And now Ra8+ would win.} Bxb2 {aiming for ...d2.} 33. Ra8+ (33. Be3 $17) 33... Kg7 $19 34. Rd8 Bc3 35. Be3 (35. g3 $142) 35... Re4 36. Rf3 Kf7 37. Kg1 e6 (37... Bb4 $142 38. Kf2 Ke6) 38. Kf2 (38. Bb6 {keeps fighting.}) 38... h5 39. h4 Bf6 40. Rd6 Bxh4+ 41. g3 Be7 42. Rd7 Ke8 43. Rb7 $2 (43. Rxe7+ Kxe7 44. Ke1) 43... Bf6 44. Ra7 Bd1 45. Ra3 Be2 46. Ra8+ Kd7 47. Ra7+ Kc6 48. Ra6+ Kb5 49. Rb6+ Kc4 50. Rc6+ Kb3 51. Rb6+ Kc2 52. Ra6 Bxf3 53. Kxf3 {[%mdl 4096] Endgame KRB-KRB} Bc3 54. Ra2+ Kb3 55. Rh2 Ra4 56. Bc1 d2 57. Bxd2 Ra2 58. Bxc3 Rxh2 {KR-KB} 59. Bf6 Kc4 60. Bg5 Kd5 61. Bf6 Ra2 62. Be5 Ra3+ 63. Kg2 Re3 64. Bf6 {[#]} e5 $1 65. fxe5 Rxe5 66. Bg5 Re4 67. Kf3 Rg4 68. Bf6 Ke6 69. Bd8 g5 70. Ba5 Ra4 71. Bd8 Rg4 72. Ba5 $1 f4 {Black mates.} 73. gxf4 Rxf4+ 74. Kg3 Kf5 75. Kh3 Ra4 76. Bb6 Ra3+ 77. Kh2 h4 78. Kh1 g4 {Never resign too early! Accuracy: White = 50%, Black = 76%.} 0-1

[Event "CZE-ch U16 2020"]
[Site "Kouty nad Desnou"]
[Date "2020.03.09"]
[Round "4.1"]
[White "Frank, Adam"]
[Black "Vojta, Jakub"]
[Result "1/2-1/2"]
[WhiteElo "2196"]
[BlackElo "2214"]
[Annotator "ChessBase"]
[PlyCount "88"]
[EventDate "2020.03.07"]
[EventCountry "CZE"]
[SourceTitle "playchess.com"]
[Source "ChessBase"]
[SourceQuality "1"]
[TimeControl "5400+30"]

1. e4 {[%emt 0:00:00]} c5 {[%emt 0:00:00]} 2. Nf3 {[%emt 0:00:00]} d6 {[%emt 0:00:00]} 3. d4 {[%emt 0:00:00]} cxd4 {[%emt 0:00:00]} 4. Nxd4 {[%emt 0:00:00]} Nf6 {[%emt 0:00:00]} 5. Nc3 {[%emt 0:00:00]} a6 {[%emt 0:00:00]} 6. Be2 {[%emt 0:00:00]} e5 {[%emt 0:00:01]} 7. Nb3 {[%emt 0:00:00]} Be7 {[%emt 0:00:05]} 8. Be3 {[%emt 0:00:29]} O-O {[%emt 0:00:37]} 9. O-O {[%emt 0:08:18]} Qc7 {[%emt 0:00:52]} 10. Kh1 {[%emt 0:01:07]} b5 {[%emt 0:00:23]} 11. f3 {[%emt 0:01:09]} Be6 {[%emt 0:03:52]} 12. f4 {[%emt 0:03:24]} Nbd7 {[%emt 0:02:36]} 13. f5 {[%emt 0:04:16]} Bc4 {[%emt 0:00:37]} 14. Nd2 {[%emt 0:03:55]} Bxe2 {[%emt 0:01:25]} 15. Nxe2 {[%emt 0:00:45]} d5 {[%emt 0:01:59]} 16. c3 {[%emt 0:06:00]} Rfd8 {[%emt 0:04:54]} 17. Qe1 {[%emt 0:03:20]} Nxe4 {[%emt 0:06:16]} 18. Nxe4 {[%emt 0:00:11]} dxe4 {[%emt 0:00:04]} 19. Ng3 {[%emt 0:00:14]} Bh4 {[%emt 0:00:49]} 20. Bf2 {[%emt 0:05:29]} Bxg3 {[%emt 0:00:21]} 21. Bxg3 {[%emt 0:00:12]} Qc6 {[%emt 0:02:43]} 22. Rd1 {[%emt 0:06:20]} Nc5 {[%emt 0:08:59]} 23. Bxe5 {[%emt 0:05:59]} Rxd1 {[%emt 0:10:02]} 24. Qxd1 {[%emt 0:00:05]} Nd3 {[%emt 0:00:48]} 25. Bd4 {[%emt 0:01:45]} f6 {[%emt 0:04:25]} 26. Qe2 {[%emt 0:10:29]} Qd5 {[%emt 0:01:44]} 27. h3 {[%emt 0:01:20]} Re8 {[%emt 0:01:37]} 28. Rd1 {[%emt 0:02:48]} Rd8 {[%emt 0:00:58]} 29. Rf1 {[%emt 0:04:11]} b4 {[%emt 0:05:22]} 30. Qg4 {[%emt 0:06:40]} Kh8 {[%emt 0:00:34]} 31. h4 {[%emt 0:01:11]} bxc3 {[%emt 0:09:47]} 32. bxc3 {[%emt 0:00:57]} Re8 {[%emt 0:04:17]} 33. h5 {[%emt 0:03:55]} e3 {[%emt 0:02:56]} 34. h6 {[%emt 0:00:12]} Qf7 {[%emt 0:01:27]} 35. Qe2 {[%emt 0:05:12]} Nf2+ {[%emt 0:02:32]} 36. Kg1 {[%emt 0:00:17]} Qe7 {[%emt 0:10:28]} 37. Bxe3 {[%emt 0:03:03]} Ng4 {[%emt 0:02:53]} 38. Qxg4 {[%emt 0:00:24]} Qxe3+ {[%emt 0:00:05]} 39. Rf2 {[%emt 0:03:20]} Qxh6 {[%emt 0:02:05]} 40. Qd4 {[%emt 0:00:15]} Qg5 {[%emt 0:01:12]} 41. c4 {[%emt 0:02:01]} h5 {[%emt 0:04:39]} 42. Kh2 {[%emt 0:07:04]} Re3 {[%emt 0:02:55]} 43. Qf4 {[%emt 0:00:15]} Qxf4+ {[%emt 0:00:23]} 44. Rxf4 {[%emt 0:00:06]} Rc3 {[%emt 0:00:26]} 1/2-1/2

[Event "CZE-ch U16 2020"]
[Site "Kouty nad Desnou"]
[Date "2020.03.09"]
[Round "4.2"]
[White "Kusa, Jakub"]
[Black "Placer, Sebastian"]
[Result "1/2-1/2"]
[WhiteElo "2188"]
[BlackElo "2189"]
[Annotator "ChessBase"]
[PlyCount "60"]
[EventDate "2020.03.07"]
[EventCountry "CZE"]
[SourceTitle "playchess.com"]
[Source "ChessBase"]
[SourceQuality "1"]
[TimeControl "5400+30"]

1. e4 {[%emt 0:00:00]} e6 {[%emt 0:00:00]} 2. d4 {[%emt 0:00:00]} d5 {[%emt 0:00:00]} 3. Nd2 {[%emt 0:00:00]} a6 4. Ngf3 {[%emt 0:00:15]} c5 {[%emt 0:00:29]} 5. exd5 {[%emt 0:00:19]} exd5 {[%emt 0:00:18]} 6. dxc5 {[%emt 0:00:15]} Bxc5 {[%emt 0:00:25]} 7. Nb3 {[%emt 0:00:11]} Bb6 {[%emt 0:00:36]} 8. Bd3 {[%emt 0:00:36]} Qe7+ {[%emt 0:00:22]} 9. Qe2 {[%emt 0:00:11]} Nc6 {[%emt 0:01:05]} 10. Bg5 {[%emt 0:01:24]} Qxe2+ {[%emt 0:01:37]} 11. Bxe2 {[%emt 0:02:14]} f6 {[%emt 0:01:00]} 12. Bd2 {[%emt 0:02:32]} Bf5 {[%emt 0:01:05]} 13. c3 {[%emt 0:01:17]} O-O-O {[%emt 0:01:43]} 14. O-O {[%emt 0:00:55]} Nge7 {[%emt 0:01:31]} 15. Rfe1 {[%emt 0:01:49]} Rhe8 {[%emt 0:01:35]} 16. Bf1 {[%emt 0:03:14]} Be4 {[%emt 0:03:06]} 17. Nfd4 {[%emt 0:04:53]} Nxd4 {[%emt 0:05:22]} 18. Nxd4 {[%emt 0:00:38]} Nf5 {[%emt 0:01:26]} 19. Be3 {[%emt 0:05:09]} Nxd4 {[%emt 0:01:44]} 20. Bxd4 {[%emt 0:00:32]} Bxd4 {[%emt 0:03:43]} 21. cxd4 {[%emt 0:00:39]} Kd7 {[%emt 0:01:47]} 22. f3 {[%emt 0:02:15]} Bf5 {[%emt 0:00:25]} 23. Rxe8 {[%emt 0:00:30]} Rxe8 {[%emt 0:00:10]} 24. Rc1 {[%emt 0:00:07]} Kd6 {[%emt 0:01:30]} 25. Kf2 {[%emt 0:01:56]} Re7 {[%emt 0:02:21]} 26. g3 {[%emt 0:02:27]} Re8 {[%emt 0:01:46]} 27. Be2 {[%emt 0:03:32]} Rc8 {[%emt 0:07:27]} 28. Rxc8 {[%emt 0:00:29]} Bxc8 {[%emt 0:00:09]} 29. Bd3 {[%emt 0:00:09]} h6 {[%emt 0:00:27]} 30. Ke3 {[%emt 0:02:09]} Bd7 {[%emt 0:04:09] Ke4 Ke5+} 1/2-1/2

[Event "CZE-ch U16 2020"]
[Site "Kouty nad Desnou"]
[Date "2020.03.09"]
[Round "4.3"]
[White "Gnojek, Petr"]
[Black "Nytra, Ondrej"]
[Result "0-1"]
[WhiteElo "2129"]
[BlackElo "2181"]
[Annotator "ChessBase"]
[PlyCount "106"]
[EventDate "2020.03.07"]
[EventCountry "CZE"]
[SourceTitle "playchess.com"]
[Source "ChessBase"]
[SourceQuality "1"]
[TimeControl "5400+30"]

1. Nf3 {[%emt 0:00:00]} d5 {[%emt 0:00:00]} 2. g3 {[%emt 0:00:00]} c5 {[%emt 0:00:06]} 3. Bg2 {[%emt 0:00:00]} Nc6 {[%emt 0:00:03]} 4. d3 {[%emt 0:00:00]} e5 {[%emt 0:00:07]} 5. Nbd2 {[%emt 0:00:00]} Be6 {[%emt 0:00:21]} 6. e4 {[%emt 0:00:04]} g6 {[%emt 0:01:14]} 7. O-O {[%emt 0:00:52]} Bg7 {[%emt 0:00:25]} 8. Re1 {[%emt 0:00:17]} Nge7 {[%emt 0:01:34]} 9. exd5 {[%emt 0:01:02]} Bxd5 {[%emt 0:00:49]} 10. Nf1 {[%emt 0:05:03]} f6 {[%emt 0:03:16]} 11. Ne3 {[%emt 0:01:08]} Be6 {[%emt 0:00:21]} 12. a4 {[%emt 0:05:26]} Qc7 {[%emt 0:03:15]} 13. c3 {[%emt 0:03:30]} Rd8 {[%emt 0:00:33]} 14. Qe2 {[%emt 0:00:27]} O-O {[%emt 0:01:03]} 15. Nc4 {[%emt 0:01:13]} Rd7 {[%emt 0:04:07]} 16. Be3 {[%emt 0:03:11]} b6 {[%emt 0:00:11]} 17. Rad1 {[%emt 0:08:48]} Rfd8 {[%emt 0:01:00]} 18. Qc2 {[%emt 0:08:41]} Kh8 {[%emt 0:08:59]} 19. h3 {[%emt 0:04:47]} e4 {[%emt 0:02:00]} 20. Bf4 {[%emt 0:00:50]} Qc8 {[%emt 0:00:05]} 21. Rxe4 {[%emt 0:00:47]} Bf5 {[%emt 0:00:05]} 22. Ree1 {[%emt 0:11:44]} g5 {[%emt 0:15:38]} 23. Bc1 {[%emt 0:06:15]} Qa6 {[%emt 0:27:10]} 24. Ne3 {[%emt 0:03:24]} Bxd3 {[%emt 0:03:04]} 25. Qb3 {[%emt 0:00:19]} c4 {[%emt 0:05:09]} 26. Qa3 {[%emt 0:05:48]} Bf8 {[%emt 0:01:11]} 27. Bf1 {[%emt 0:06:14]} Ng6 {[%emt 0:01:56]} 28. b4 {[%emt 0:00:30]} Nge5 {[%emt 0:02:14]} 29. Nxe5 {[%emt 0:06:46]} Nxe5 {[%emt 0:00:02]} 30. Bg2 {[%emt 0:00:06]} Qc8 {[%emt 0:04:02]} 31. Qa2 {[%emt 0:02:22]} h5 {[%emt 0:02:07]} 32. f4 {[%emt 0:04:07]} gxf4 {[%emt 0:00:18]} 33. gxf4 {[%emt 0:00:03]} Ng6 {[%emt 0:00:35]} 34. Qf2 {[%emt 0:00:18]} Rg7 {[%emt 0:01:30]} 35. Kh2 {[%emt 0:01:43]} Nxf4 {[%emt 0:01:07]} 36. Qh4 {[%emt 0:01:04]} Bd6 {[%emt 0:02:21]} 37. Kh1 {[%emt 0:01:56]} Nxg2 {[%emt 0:00:56]} 38. Nxg2 {[%emt 0:00:07]} Bg3 {[%emt 0:03:50]} 39. Qxh5+ {[%emt 0:01:41]} Rh7 {[%emt 0:00:03]} 40. Bh6 {[%emt 0:00:04]} Bxe1 {[%emt 0:01:00]} 41. Rxe1 {[%emt 0:00:09]} Rg8 {[%emt 0:02:03]} 42. Nf4 {[%emt 0:06:31]} Qb7+ {[%emt 0:02:21]} 43. Kh2 {[%emt 0:00:08]} Qc7 {[%emt 0:00:14]} 44. Qh4 {[%emt 0:00:40]} Qd8 {[%emt 0:00:00]} 45. a5 {[%emt 0:00:00]} Bf5 {[%emt 0:00:00]} 46. Re2 {[%emt 0:00:00]} bxa5 {[%emt 0:00:00]} 47. bxa5 {[%emt 0:00:00]} Qd6 {[%emt 0:00:00]} 48. Kh1 {[%emt 0:00:00]} Qd1+ {[%emt 0:00:00]} 49. Re1 {[%emt 0:00:00]} Be4+ {[%emt 0:00:00]} 50. Kh2 {[%emt 0:00:00]} Qd2+ {[%emt 0:00:00]} 51. Re2 {[%emt 0:00:00]} Qxe2+ {[%emt 0:00:00]} 52. Nxe2 {[%emt 0:00:00]} Rg2+ {[%emt 0:00:00]} 53. Kh1 {[%emt 0:00:00]} Rg4+ {[%emt 0:00:00]} 0-1

[Event "CZE-ch U16 2020"]
[Site "Kouty nad Desnou"]
[Date "2020.03.09"]
[Round "4.4"]
[White "Barak, David"]
[Black "Mach, Petr"]
[Result "1/2-1/2"]
[WhiteElo "2114"]
[BlackElo "2045"]
[Annotator "ChessBase"]
[PlyCount "40"]
[EventDate "2020.03.07"]
[EventCountry "CZE"]
[SourceTitle "playchess.com"]
[Source "ChessBase"]
[SourceQuality "1"]
[TimeControl "5400+30"]

1. d4 {[%emt 0:00:00]} Nf6 {[%emt 0:00:00]} 2. c4 {[%emt 0:00:00]} g6 {[%emt 0:00:00]} 3. Nc3 {[%emt 0:00:00]} d5 {[%emt 0:00:00]} 4. cxd5 {[%emt 0:00:00]} Nxd5 {[%emt 0:00:00]} 5. e4 {[%emt 0:00:00]} Nxc3 {[%emt 0:00:00]} 6. bxc3 {[%emt 0:00:00]} Bg7 {[%emt 0:00:00]} 7. Nf3 {[%emt 0:00:09]} c5 {[%emt 0:00:00]} 8. Rb1 {[%emt 0:00:08]} O-O {[%emt 0:00:00]} 9. Be2 {[%emt 0:00:08]} cxd4 {[%emt 0:00:03]} 10. cxd4 {[%emt 0:00:15]} Qa5+ {[%emt 0:00:03]} 11. Bd2 {[%emt 0:00:54]} Qxa2 {[%emt 0:00:04]} 12. O-O {[%emt 0:06:04]} Bg4 {[%emt 0:00:14]} 13. Bg5 {[%emt 0:17:01]} h6 {[%emt 0:00:04]} 14. Bh4 {[%emt 0:06:25]} g5 {[%emt 0:00:18]} 15. Bg3 {[%emt 0:00:05]} b6 {[%emt 0:20:26]} 16. Re1 {[%emt 0:13:13]} Nc6 {[%emt 0:14:31]} 17. Ra1 {[%emt 0:15:45]} Qb2 {[%emt 0:00:17]} 18. Rb1 {[%emt 0:00:19]} Qa2 {[%emt 0:00:26]} 19. Ra1 {[%emt 0:00:44]} Qb2 {[%emt 0:00:05]} 20. Rb1 {[%emt 0:00:05]} Qa2 {[%emt 0:00:22]} 1/2-1/2